As loucas aventuras do barão de munchausen (Record no. 190853)

MARC details
000 -LÍDER
campo de controle de tamanho fixo 00432 a2200169 4500
001 - NÚMERO DE CONTROLE
campo de controle 190853
020 ## - ISBN - INTERNATIONAL STANDARD BOOK NUMBER
ISBN - International Standard Book Number 85-16-04846-2
040 ## - FONTE DA CATALOGAÇÃO
Instituição que transcreveu o registro Magnum
100 ## - ENTRADA PRINCIPAL--NOME PESSOAL
Nome pessoal Raspe, Rudolph Erich
240 10 - TÍTULO UNIFORME
Título uniforme As loucas aventuras do barão de munchausen
Idioma da obra por
245 10 - TÍTULO
Título As loucas aventuras do barão de munchausen
300 ## - DESCRIÇÃO FÍSICA
Extensão 69
362 0# - DATAS DE PUBLICAÇÃO E/OU DESIGNAÇÃO SEQUENCIAL
Datas de publicação e/ou designação sequencial 2005
440 #1 - DECLARAÇÃO DE SÉRIE/ENTRADA ADICIONADA--TÍTULO
Título Salamandra
697 ## - ENTRADA DE ASSUNTO LOCAL--ENTIDADE COLETIVA (RLIN)
Nome corporativo ou nome da jurisdição LITERATURA INFANTO-JUVENIL ESTRANGEIRA
942 ## - ELEMENTOS DE ENTRADA ADICIONADOS (KOHA)
Tipo de material Koha Livros
Holdings
Situação do descarte Situação das perdas Situação física Não pode ser emprestado Biblioteca de origem Biblioteca atual Data de aquisição Total de empréstimos Número de chamada completo Código de barras Data de último acesso Data do preço efetivo Tipo de material Koha
        Magnum Magnum 08/06/2024   890.4.215 MAG00067874 08/06/2024 08/06/2024 Livros